Festín de cuervos : canción de hielo y fuego IV /

Luego de siglos de guerras descarnadas, los siete poderes que dividen la tierra se han diezmado unos a otros hasta alcanzar una difícil tregua. Muy pocos reclamos legítimos existen ya por el Trono de Hierro, y la guerra que ha convertido al mundo en poco más que un desierto al fin ha terminado. O es...

Descripción completa

Guardado en:
Autor Principal: Martin, George R. R.
Otros Autores: Macía, Cristina; trad., Cervera, Natalia; trad.
Formato: Libro
Publicado: Buenos Aires : Plaza & Janés, 2015.
Edición:6a ed.
Series:Éxitos
Materias:
Etiquetas: Agregar Etiqueta
Sin Etiquetas, Sea el primero en etiquetar este registro!
LEADER 01756nam a22002535a 4500
001 CEM.cems025209
008 260610s2015##################000#0#####d
005 20260610184020.0
245 1 0 |a Festín de cuervos :  |b canción de hielo y fuego IV /  |c George R. R. Martin. 
250 |a 6a ed. 
260 |a Buenos Aires :  |b Plaza & Janés,  |c 2015. 
300 |a 869 p. 
490 0 |a Éxitos 
500 |a Traducción de Cristina Macía y Natalia Cervera. 
520 |a Luego de siglos de guerras descarnadas, los siete poderes que dividen la tierra se han diezmado unos a otros hasta alcanzar una difícil tregua. Muy pocos reclamos legítimos existen ya por el Trono de Hierro, y la guerra que ha convertido al mundo en poco más que un desierto al fin ha terminado. O eso parece. Pero no pasa mucho tiempo antes de que los sobrevivientes, los proscritos, los renegados y los carroñeros de los Siete Reinos se reúnan. Ahora, como cuervos humanos que acechan un banquete de cenizas, nuevas intrigas y peligrosas alianzas se forman, a la vez que rostros sorprendentes algunos familiares, otros desconocidos- emergen de un siniestro crepúsculo de caos y luchas pasadas para asumir los desafíos de los terribles tiempos que se avecinan. Nobles y plebeyos, soldados y hechiceros, asesinos y sabios se unen para hacer valer su vida y sus fortunas. Porque en un festín de cuervos, muchos son los invitados pero sólo unos pocos logran sobrevivir. 
020 |a 9789506442477 
100 1 |a Martin, George R. R. 
700 1 |a Macía, Cristina; trad. 
700 1 |a Cervera, Natalia; trad. 
082 0 4 |a 813.5 
653 |a Literatura 
653 |a Literatura estadounidense 
653 |a Novela 
859 |a CEMS  |b BIB. CEMS - 11 de abril  |h 813.5  |i M864-3  |p 30809.26  |t Ej.1  |v IV  |3 IV